000 00405nam a22001697a 4500
003 MACL
005 20160203160434.0
008 160203b xxu||||| |||| 00| 0 eng d
040 _cMACL
041 _aEnglish
082 _a080/HIL
100 _aHill,Napoleon
_918536
245 _aThought For The Day
260 _aDelhi
_bExcel Publications
_c2014
650 _aMotivational
_917686
942 _2ddc
_cBK
999 _c53117
_d53117